000 01094nac a22002897a 4500
001 BR8101144
003 BR-BrBNA
005 20240105114929.0
008 230509b bl.|||m| |||| 00| 0 por d
040 _aBR-BrBNA
_bpor
_cBiblioteca Nacional de Agricultura
072 _aH20
090 _a1440 BR8101144
100 1 _aCardoso, J.E.
100 1 _aMesquita, J.E. de L.
110 1 _aUnidade de Execucao de Pesquisa de Ambito Estadual de Rio Branco, AC (Brasil)
_910376
245 1 _aOcorrencia da mela do feijoeiro em germoplasmas de caupi no Acre [Vigna unguiculata; Thanatephorus cucumeris; Brasil]
246 1 _a[Occurrence of Thanatephorus cucumeris in cowpea germaplasms on Acre [ Vigna unguiculata; Brazil]]
260 3 _aRio Branco, AC (Brasil):
_c1981.
300 _a3 p.
490 _aComunicado Tecnico - Unidade de Execucao de Pesquisa de Ambito Estadual de Rio Branco (Brazil)
_vno. 24
_x
650 _aDoenca de planta
650 _aFeijao de corda
650 _aMela
650 _aAcre
909 _a202312
_bLúcia Elande
_c55
_dLúcia Elande
942 _2AGRIS
_n0
_cMS
999 _c272106
_d272106